| 000 | 00432cam a2200181ua 4500 | ||
|---|---|---|---|
| 020 | _c9.00 | ||
| 041 |
_aeng _h |
||
| 082 |
_a536 _bBAR/TE |
||
| 100 | _aBarton, A W . | ||
| 245 |
_aText book on heat / _cA W Barton. _hTextual Documents |
||
| 250 |
_a1 / _b. |
||
| 260 |
_aLondon : _bLongman Green and Co , _c1960. |
||
| 300 |
_a378 : _b506 ; . |
||
| 365 | _a9.00 | ||
| 504 | _a | ||
| 942 | _cBK | ||
| 999 |
_c10585 _d10585 |
||